Entreprises, produits et marques disparues - Statistiques

Statistiques générales
  • Ce quiz a été pris 32 fois
  • Le résultat moyen est 7 sur 70
Statistiques - réponses
Secteur Indice 1 Indice 2 Réponse % Correct
Electro-ménager F Froid Frigidaire
43%
Lessive B Avec son cadeau Bonux
39%
Grande distribution M Ecraseur Mammouth
39%
Téléphonie N Suédois Nokia
39%
Automobile L Italie Lancia
32%
Automobile S 1000 Simca
29%
Automobile B Luxe Bugatti
25%
Alimentaire B Raviolis Buitoni
25%
Construction E Escalier spécial Escalator
25%
Journal FS Quotidien France Soir
25%
Télécommunications FT PTT France Télécom
25%
Photographie K Merci M. K Kodak
25%
Magasin T Chez T. t'as tout ! Tati
25%
Confiserie K Double effet Kisscool
21%
Pétrolier E Total Elf
18%
Automobile S Suède Saab
18%
Journal LQDP Quotidien Le quotidien de Paris
14%
Confiserie MG Renaud Mistral gagnant
14%
Automobile T Samba Talbot
14%
Alimentaire B Biscuit Bamboula
11%
Boisson B De l'eau de source... Banga
11%
Vêtements C Coloré Camaïeu
11%
Alimentaire C Oh oui ! Chambourcy
11%
Grande distribution C Hypers Continent
11%
Magasin D Low cost Dia
11%
Magasin E Discounter ED
11%
Magasin FP On y revient Félix Potin
11%
Magazine JDT BD Journal de Tintin
11%
Grand Magasin NG Rayons multiples Nouvelles Galeries
11%
Automobile P Dyna Panhard
11%
Revêtements B Devenu nom commun Balatum
7%
Electro-ménager M Repris par SEB Moulinex
7%
Magasin P Pas cher Prisunic
7%
Grand Magasin S Rayons multiples Samaritaine
7%
Boisson T En sachet ! Tang
7%
FAI W Orange Wanadoo
7%
Piles W Ne s'use que... Wonder
7%
Produit capillaire B Forvil Brillantine
4%
Confiserie BG En tube Bubble Gum
4%
Biscuits L'A Provinciale L'Alsacienne
4%
Alimentaire O Pâté en boite Olida
4%
Photographie P Instantané Polaroid
4%
Electro-ménager R Transistor Radiola
4%
Confiserie T Par deux Raider
4%
Jouets T Américaine Toys R us
4%
Confiserie T Cacahuètes Treets
4%
Nettoyant V Force 5 Vigor
4%
Crayons B&F Cocarde Baignol & Farjon
0%
Alimentaire B Au chocolat Boom
0%
Confiserie CB Réglisse Coco Boer
0%
Informatique C Repris par HP Compaq
0%
Grand Magasin DDF En province Dames de France
0%
Livres EA VPC Editions Atlas
0%
Jeu H MB Jeux Hôtel
0%
Jouet J Train Jouef
0%
Alimentaire LRAF Yaourts La Roche aux fées
0%
Journal M Gratuit Metronews
0%
Alimentaire MB Nestlé Mini berlingots
0%
Photographie M Appareil Minolta
0%
Confiserie M petits petits Minto
0%
Chaussures M Abordables Myrys
0%
Alimentaire P A tartiner Pastador
0%
Fast-food P A la française Picpain
0%
Jeu P MB Jeux Pièges
0%
Magazine P BD Pilote
0%
Laines P Noir et blanc Pingouin
0%
Boisson P Orange ou citron Pshitt
0%
Magasin S Y'a pas plus près... Shopi
0%
Boisson S Animaux Sironimo
0%
Alimentaire VG Elle ne riait pas Vache Grosjean
0%
Aucun quiz correspondant
Distribution des résultats
% des personnes avec chaque résultat
Percentile par nombre de réponses
Votre historique - résultats
Vous n’avez pas pris ce quiz